000 00358 a2200169 4500
001 183139
020 _a85-322-4395-9
040 _cMagnum
100 _aDansa, Lecticia
240 1 0 _aO segredo da lagartixa
_lpor
245 1 0 _aO segredo da lagartixa
300 _a32
362 0 _a2000
440 1 _aFTD
697 _aLITERATURA INFANTO
942 _cBK
999 _c183139
_d183139